[Event "Rewal op-B 18th"]
[Site "Rewal"]
[Date "2013.08.24"]
[Round "5"]
[White "Krzysztofiak, Zdzislaw"]
[Black "Parol, Pawel"]
[Result "0-1"]
[WhiteElo "1685"]
[BlackElo "1988"]
[PlyCount "44"]
[EventDate "2013.08.20"]
[EventType "swiss"]
[EventRounds "9"]
[EventCountry "POL"]
[SourceTitle "CBM 156 Extra"]
[Source "ChessBase"]
[SourceDate "2013.10.22"]
[SourceVersion "1"]
[SourceVersionDate "2013.10.22"]
[SourceQuality "1"]

1. e4 e6 2. Nc3 d5 3. d4 Nf6 4. Bg5 Be7 5. e5 Nfd7 6. Bxe7 Qxe7 7. Nf3 0-0 8. Bd3 c5 9. Nb5 Nc6 10. c3 a6 11. Nd6 f6 12. Qc2 g6 13. Qe2 cxd4 14. cxd4 fxe5 15. Nxc8 Raxc8 16. dxe5 Qb4+ 17. Kf1 Qf4 18. Re1 Ndxe5 19. Nxe5 Nxe5 20. g3 Qxf2+ 21. Qxf2 Rxf2+ 22. Kxf2 Nxd3+ 0-1

[Event "Rewal op-B 18th"]
[Site "Rewal"]
[Date "2013.08.20"]
[Round "1"]
[White "Krzysztofiak, Zdzislaw"]
[Black "Patola, Eero"]
[Result "1/2-1/2"]
[WhiteElo "1685"]
[BlackElo "1947"]
[PlyCount "144"]
[EventDate "2013.08.20"]
[EventType "swiss"]
[EventRounds "9"]
[EventCountry "POL"]
[SourceTitle "CBM 156 Extra"]
[Source "ChessBase"]
[SourceDate "2013.10.22"]
[SourceVersion "1"]
[SourceVersionDate "2013.10.22"]
[SourceQuality "1"]

1. e4 d5 2. exd5 Qxd5 3. Nc3 Qa5 4. d4 Nf6 5. Bd2 c6 6. Bc4 Bf5 7. Nf3 e6 8. 0-0 Be7 9. Re1 0-0 10. Nh4 Bg4 11. f3 Bh5 12. Nd5 Qd8 13. Nxe7+ Qxe7 14. Bg5 h6 15. Nf5 Qd8 16. Bxf6 Qxf6 17. Nd6 Rd8 18. Nxb7 Rxd4 19. Qe2 Rd7 20. Nc5 Qd4+ 21. Qe3 Qxc4 22. Nxd7 Nxd7 23. b3 Qb4 24. a3 Qb6 25. Rad1 Nf6 26. c4 Qxe3+ 27. Rxe3 Kf8 28. Rd6 Rc8 29. Re5 Ke7 30. Rd4 Bg6 31. h3 c5 32. Rd2 Rc6 33. Kf2 Nd7 34. Re3 Rb6 35. g4 Nb8 36. f4 f6 37. f5 Bf7 38. fxe6 Rxe6 39. Red3 Be8 40. Rd5 Re5 41. Rd8 Nc6 42. R8d5 Nd4 43. Rxe5+ fxe5 44. b4 Kd6 45. Ke3 Bf7 46. Kd3 h5 47. gxh5 Bxh5 48. Rg2 Ne6 49. Ke4 Be8 50. Rd2+ Nd4 51. b5 Bf7 52. Kd3 g5 53. Rg2 Bg6+ 54. Kc3 Nf3 55. h4 e4 56. hxg5 Ke5 57. a4 e3 58. a5 Kf4 59. b6 axb6 60. axb6 Ne5 61. b7 Nd7 62. Rb2 Nb8 63. Rb6 Kxg5 64. Rb5 Kf4 65. Rxc5 Kf3 66. Re5 Kf2 67. c5 e2 68. Kd2 Bh5 69. Rf5+ Bf3 70. Re5 Nc6 71. Re8 Nb8 72. Re6 Nc6 1/2-1/2

[Event "Rewal op-B 17th"]
[Site "Rewal"]
[Date "2012.08.??"]
[Round "6"]
[White "Krzysztofiak, Zdzislaw"]
[Black "Jablonska, Sabina"]
[Result "0-1"]
[WhiteElo "1671"]
[BlackElo "1979"]
[PlyCount "86"]
[EventDate "2012.08.20"]
[EventType "swiss"]
[EventRounds "9"]
[EventCountry "POL"]
[SourceTitle "EXT 2014"]
[Source "ChessBase"]
[SourceDate "2013.11.20"]
[SourceVersion "1"]
[SourceVersionDate "2013.11.20"]
[SourceQuality "1"]

1. e4 d5 2. exd5 Qxd5 3. Nc3 Qd6 4. Nf3 Nf6 5. d4 a6 6. Bd3 Nbd7 7. 0-0 e6 8. Re1 Be7 9. h3 0-0 10. Ne2 b5 11. Bf4 Qb6 12. c3 Bb7 13. Ng3 c5 14. Ne4 Rfd8 15. b3 cxd4 16. cxd4 Nxe4 17. Bxe4 Bxe4 18. Rxe4 Nf6 19. Re1 Nd5 20. Bd2 Bf6 21. Re4 Ne7 22. Bb4 Nf5 23. Bc5 Qb7 24. Qc2 Rac8 25. b4 Nxd4 26. Nxd4 Bxd4 27. Rd1 Bxc5 28. Rxd8+ Rxd8 29. bxc5 h6 30. Re3 Qd5 31. Re1 Qd2 32. Rc1 Qxc2 33. Rxc2 Rc8 34. Kf1 Kf8 35. Ke2 Ke7 36. f4 Rd8 37. Ke3 Kd7 38. a4 Kc6 39. axb5+ axb5 40. g4 Ra8 41. Ke4 Ra4+ 42. Ke5 Kd7 43. c6+ Kc7 0-1

[Event "Rewal op-B 17th"]
[Site "Rewal"]
[Date "2012.08.??"]
[Round "1"]
[White "Widla, Piotr"]
[Black "Krzysztofiak, Zdzislaw"]
[Result "1/2-1/2"]
[WhiteElo "1961"]
[BlackElo "1671"]
[PlyCount "66"]
[EventDate "2012.08.20"]
[EventType "swiss"]
[EventRounds "9"]
[EventCountry "POL"]
[SourceTitle "EXT 2014"]
[Source "ChessBase"]
[SourceDate "2013.11.20"]
[SourceVersion "1"]
[SourceVersionDate "2013.11.20"]
[SourceQuality "1"]

1. e4 e5 2. Nf3 Nc6 3. d4 exd4 4. Bc4 Be7 5. Nxd4 Nf6 6. Nxc6 dxc6 7. Qxd8+ Bxd8 8. f3 0-0 9. Be3 Re8 10. Nc3 Be6 11. Bxe6 Rxe6 12. 0-0-0 Be7 13. a3 b5 14. Ne2 Nd5 15. Bd2 Nb6 16. Nd4 Rg6 17. g3 a5 18. Nf5 Bf8 19. Bf4 Rc8 20. g4 b4 21. axb4 axb4 22. h4 c5 23. b3 c4 24. bxc4 Nxc4 25. Rd4 Rc6 26. Kd1 g6 27. Ne3 Nxe3+ 28. Bxe3 Rc3 29. Kd2 c5 30. Rd5 Ra8 31. h5 Ra2 32. Rc1 Raa3 33. Rd1 Ra2 1/2-1/2

[Event "Rewal op-B 16th"]
[Site "Rewal"]
[Date "2011.08.27"]
[Round "8"]
[White "Faron, Rafal"]
[Black "Krzysztofiak, Zdzislaw"]
[Result "1/2-1/2"]
[WhiteElo "1816"]
[BlackElo "1656"]
[PlyCount "109"]
[EventDate "2011.08.18"]
[EventType "swiss"]
[EventRounds "9"]
[EventCountry "POL"]
[SourceTitle "CBM 144 Extra"]
[Source "ChessBase"]
[SourceDate "2011.10.28"]
[SourceVersion "1"]
[SourceVersionDate "2011.10.28"]
[SourceQuality "1"]

1. d4 Nf6 2. c4 e6 3. Nf3 d5 4. cxd5 exd5 5. Bg5 Be7 6. e3 0-0 7. Bd3 Bg4 8. h3 Bh5 9. Nbd2 Nc6 10. a3 Re8 11. 0-0 Ne4 12. Bxe7 Qxe7 13. Qc2 f5 14. Bb5 Nxd2 15. Nxd2 Qd6 16. Qxf5 Bg6 17. Qg4 Rf8 18. Bxc6 Qxc6 19. Rfc1 Qf6 20. Qg3 c6 21. Nf3 Rae8 22. Ne5 Bf5 23. b4 Bc8 24. Ra2 g5 25. a4 Re7 26. b5 cxb5 27. axb5 Qb6 28. Qxg5+ Rg7 29. Qh4 Qxb5 30. Rxa7 Qb2 31. Raa1 Bf5 32. Rf1 Be4 33. Ng4 b5 34. f3 Bd3 35. Qf2 Qb4 36. Rfc1 Bf5 37. Nh6+ Kh8 38. Nxf5 Rxf5 39. Ra8+ Rf8 40. Rxf8+ Qxf8 41. Rc5 b4 42. Rxd5 Rb7 43. Qb2 h6 44. e4 b3 45. Rc5 Qg7 46. Kh1 Kh7 47. Rc3 Qf7 48. Rd3 Qc4 49. Rc3 Qxc3 50. Qxc3 b2 51. d5 b1Q+ 52. Kh2 Qb2 53. Qc8 Rg7 54. Qf5+ Kh8 55. Qf8+ 1/2-1/2

[Event "Rewal op-B 16th"]
[Site "Rewal"]
[Date "2011.08.23"]
[Round "4"]
[White "Bes, Michal"]
[Black "Krzysztofiak, Zdzislaw"]
[Result "1-0"]
[WhiteElo "1906"]
[BlackElo "1656"]
[PlyCount "35"]
[EventDate "2011.08.18"]
[EventType "swiss"]
[EventRounds "9"]
[EventCountry "POL"]
[SourceTitle "CBM 144 Extra"]
[Source "ChessBase"]
[SourceDate "2011.10.28"]
[SourceVersion "1"]
[SourceVersionDate "2011.10.28"]
[SourceQuality "1"]

1. e4 e5 2. d4 exd4 3. Nf3 c5 4. c3 dxc3 5. Bc4 cxb2 6. Bxb2 Nc6 7. 0-0 d6 8. Re1 Bg4 9. Qb3 Qc7 10. Nc3 Na5 11. Bb5+ Kd8 12. Qd1 Bxf3 13. Qxf3 Qb6 14. Qxf7 Ne7 15. Qe8+ Kc7 16. Qxa8 a6 17. Qe8 Nac6 18. Bxc6 1-0

[Event "Rewal op-B 15th"]
[Site "Rewal"]
[Date "2010.08.27"]
[Round "8"]
[White "Kowalski, Maciej"]
[Black "Krzysztofiak, Zdzislaw"]
[Result "0-1"]
[WhiteElo "1662"]
[BlackElo "1664"]
[PlyCount "102"]
[EventDate "2010.08.18"]
[EventType "swiss"]
[EventRounds "9"]
[EventCountry "POL"]
[SourceTitle "EXT 2014"]
[Source "ChessBase"]
[SourceDate "2013.11.20"]
[SourceVersion "1"]
[SourceVersionDate "2013.11.20"]
[SourceQuality "1"]

1. e4 e5 2. d4 exd4 3. Qxd4 Nc6 4. Qe3 Nf6 5. Nc3 Bb4 6. Bd2 d6 7. f3 0-0 8. 0-0-0 Re8 9. h3 a5 10. g4 Be6 11. a3 Bc5 12. Qe2 Ne5 13. Qg2 Nc4 14. Bxc4 Bxc4 15. h4 b5 16. Nb1 b4 17. a4 b3 18. c3 Nd7 19. h5 Ne5 20. Bf4 Nd3+ 21. Rxd3 Bxd3 22. g5 g6 23. hxg6 fxg6 24. Qh3 Re7 25. Nd2 Qf8 26. Bg3 Be3 27. Qh4 Qe8 28. e5 d5 29. Kd1 Rb8 30. Ne2 Bc2+ 31. Ke1 c5 32. e6 Rb6 33. Nf4 Bxf4 34. Bxf4 Rbxe6+ 35. Kf2 Qxa4 36. c4 Re2+ 37. Kg3 Rxd2 38. Bxd2 Qxc4 39. Qxc4 dxc4 40. Bxa5 Re3 41. Kf4 Rd3 42. Ke5 Rxf3 43. Kd5 Rf5+ 44. Kxc4 Rxg5 45. Bb6 Rg4+ 46. Kxc5 h5 47. Bd8 Kf7 48. Rf1+ Ke6 49. Re1+ Kf5 50. Rf1+ Ke4 51. Kc4 Bd3+ 0-1

[Event "Rewal op-B 14th"]
[Site "Rewal"]
[Date "2009.08.29"]
[Round "9"]
[White "Krzysztofiak, Zdzislaw"]
[Black "Jaworowski, Andre"]
[Result "1-0"]
[WhiteElo "1753"]
[BlackElo "1696"]
[PlyCount "117"]
[EventDate "2009.08.20"]
[EventType "swiss"]
[EventRounds "9"]
[EventCountry "POL"]
[SourceTitle "EXT 2011"]
[Source "ChessBase"]
[SourceDate "2010.11.26"]
[SourceVersion "1"]
[SourceVersionDate "2010.11.26"]
[SourceQuality "1"]

1. e4 c5 2. Nf3 e6 3. d4 cxd4 4. Nxd4 Nc6 5. Be3 a6 6. Nc3 Qc7 7. Nxc6 bxc6 8. a3 d5 9. exd5 cxd5 10. Qd4 Nf6 11. Bd3 Bd6 12. Bg5 Be5 13. Qh4 Bxc3+ 14. bxc3 Qxc3+ 15. Ke2 Qe5+ 16. Be3 0-0 17. g4 Ne4 18. f3 f5 19. gxf5 exf5 20. Raf1 Nc5 21. Qd4 Qxd4 22. Bxd4 Re8+ 23. Kd2 Nxd3 24. Kxd3 Bd7 25. Rf2 Bb5+ 26. Kd2 Re6 27. Rg1 g6 28. Rfg2 Rae8 29. f4 Re4 30. Be5 d4 31. h4 Kf7 32. h5 Re6 33. Rb1 R6xe5 34. fxe5 Rxe5 35. a4 Bc6 36. hxg6+ hxg6 37. Rg3 Be4 38. Rb6 Rc5 39. Rgxg6 Bxc2 40. Rxa6 Be4 41. Rgb6 Rc2+ 42. Kd1 Rc7 43. Rh6 Rc3 44. Ra7+ Kg8 45. Rd6 Rc8 46. Rxd4 Bc2+ 47. Kd2 Be4 48. Ke3 Re8 49. Kf4 Bc2 50. Rdd7 Rc8 51. Kg5 Be4 52. Kh6 f4 53. Rd4 Re8 54. Rg7+ Kf8 55. Rd6 Rc8 56. Rf6+ Ke8 57. Re6+ Kf8 58. Rxe4 Rc6+ 59. Rg6 1-0

[Event "Rewal op-B 14th"]
[Site "Rewal"]
[Date "2009.08.28"]
[Round "8"]
[White "Mirski, Michal"]
[Black "Krzysztofiak, Zdzislaw"]
[Result "1-0"]
[WhiteElo "1604"]
[BlackElo "1753"]
[PlyCount "61"]
[EventDate "2009.08.20"]
[EventType "swiss"]
[EventRounds "9"]
[EventCountry "POL"]
[SourceTitle "EXT 2011"]
[Source "ChessBase"]
[SourceDate "2010.11.26"]
[SourceVersion "1"]
[SourceVersionDate "2010.11.26"]
[SourceQuality "1"]

1. e4 e5 2. Nf3 Nc6 3. Bc4 Bc5 4. 0-0 Nf6 5. d3 d6 6. c3 0-0 7. h3 Be6 8. Nbd2 a6 9. Re1 h6 10. Bb3 Qd7 11. Nf1 Ne7 12. d4 Bxb3 13. Qxb3 exd4 14. cxd4 Bb6 15. Ng3 Qb5 16. Qd1 Rae8 17. b3 Ng6 18. h4 Re6 19. a4 Qd7 20. h5 Nh8 21. Bb2 c6 22. Qd3 Ng4 23. Rac1 g6 24. Qc3 f6 25. Nh4 Qf7 26. f3 Ne5 27. Kh1 Nd7 28. Qd2 Kh7 29. hxg6+ Nxg6 30. Ngf5 Kg8 31. Nxh6+ 1-0